ढलान से उतरते हुए (Record no. 1021209)

MARC details
000 -LEADER
fixed length control field 01115nam a2200277Ia 4500
003 - CONTROL NUMBER IDENTIFIER
control field OSt
005 - DATE AND TIME OF LATEST TRANSACTION
control field 20221005111229.0
008 - FIXED-LENGTH DATA ELEMENTS--GENERAL INFORMATION
fixed length control field 221004b |||||||| |||| 00| 0 hin d
020 ## - INTERNATIONAL STANDARD BOOK NUMBER
International Standard Book Number 9789350725504 (hbk)
037 ## - SOURCE OF ACQUISITION
Terms of availability Textual
040 ## - CATALOGING SOURCE
Original cataloging agency CRL
Transcribing agency CRL
Language of cataloging hin
041 ## - LANGUAGE CODE
Source of code hin
Language code of text/sound track or separate title hin
100 ## - MAIN ENTRY--PERSONAL NAME
Personal name मुनव्वर राना
245 #0 - TITLE STATEMENT
Title ढलान से उतरते हुए
246 ## - VARYING FORM OF TITLE
Title proper/short title Ḍhalān se utarate hue
260 ## - PUBLICATION, DISTRIBUTION, ETC.
Place of publication, distribution, etc. नई दिल्ली
Name of publisher, distributor, etc. वाणी प्रकाशन भारत
Date of publication, distribution, etc. 2013
300 ## - PHYSICAL DESCRIPTION
Extent 175पृ0
Dimensions cm.
650 ## - SUBJECT ADDED ENTRY--TOPICAL TERM
Topical term or geographic name entry element उर्दू साहित्य
700 ## - ADDED ENTRY--PERSONAL NAME
Personal name सुलतानपुरी, कैफ़ सिद्दीक़ी, अनु.
9 (RLIN) 624172
942 ## - ADDED ENTRY ELEMENTS (KOHA)
Classification part O168,6N52x, 152Q3
Koha item type Textual
Source of classification or shelving scheme
Holdings
Withdrawn status Lost status Damaged status Not for loan Home library Current library Date acquired Source of acquisition Cost, normal purchase price Total Checkouts Full call number Barcode Date last seen Cost, replacement price Price effective from Koha item type
        Central Library Central Library 2022-10-05 523, 21/03/2015, Vani Prakashan 600.00   O168,6N52x 152Q3 CL1609954 2022-10-05 600.00 2022-10-05 Textual
Copyright @ Delhi University Library System